Wunderhorse - Butterflies Lyrics - Statistics

General Stats
  • This quiz has been taken 9 times
  • The average score is 95 of 111
Answer Stats
Answer % Correct
a
100%
blue
100%
bridge
100%
but
100%
butterflies
100%
day
100%
hands
100%
I
100%
it
100%
million
100%
my
100%
on
100%
perfectly
100%
places
100%
put
100%
remember
100%
So
100%
spine
100%
that
100%
the
100%
there
100%
to
100%
too
100%
under
100%
understand
100%
Was
100%
were
100%
you
100%
young
100%
your
100%
and
83%
as
83%
away
83%
behind
83%
blood
83%
dark
83%
jump
83%
just
83%
off
83%
played
83%
tattooed
83%
turned
83%
veil
83%
water
83%
world
83%
can't
67%
'cause
67%
games
67%
kiss
67%
Lust
67%
moon
67%
park
67%
strangest
67%
underneath
67%
got
50%
left
50%
shake
50%
sin
50%
skin
50%
all
33%
beneath
33%
cooing
33%
Doves
33%
in
33%
laughed
33%
nails
33%
something
33%
there's
33%
No matching quizzes found
Score Distribution
Percent of People with Each Score
Percentile by Number Answered
Your Score History
You have not taken this quiz